عرض عادي عرض مارك
  • Quantum chemistry

مدخل مصطلح موضوعي

عدد التسجيلات المستخدمة في: 1

001 - رقم الضبط

  • حقل الضبط: 36327

003 - معرف رقم الضبط

  • حقل الضبط: OSt

005 - تاريخ ووقت أخر عملية

  • حقل الضبط: 20130803125547.0

008 - عناصر بيانات ثابتة الطول

  • حقل تحكم ثابت الطول: 130803|||a|||||| | ||| d

040 ## - مصدر الفهرسة

  • هيئة الفهرسة الأصلية: OSt
  • وكالة الكتابة: OSt

150 ## - مدخل-- مصطلح تاريخي

  • عنصر مدخل المصطلح الموضوعي او الاسم الجغرافي: Quantum chemistry
  • تفريع شكلي: Textbooks

670 ## - بيانات المصدر موجوده

  • الاستشهاد بالمصدر: Work cat.: (OSt)0: Engel, Thomas, 1942- 36326, Quantum chemistry and spectroscopy /, 2013.